Portugal's African Wars (Record no. 337)

MARC details
005 - DATE AND TIME OF LATEST TRANSACTION
control field 20250311100755.0
082 ## - DEWEY DECIMAL CLASSIFICATION NUMBER
Classification number 320.947 HUM
100 ## - MAIN ENTRY--PERSONAL NAME
Author name HUMBARACI, A.
245 ## - TITLE STATEMENT
Title Portugal's African Wars
260 ## - PUBLICATION, DISTRIBUTION, ETC.
Place of publication, distribution, etc. Geneva,
Date of publication, distribution, etc. 1973.
300 ## - PHYSICAL DESCRIPTION
Extent 250p.: map
Other physical details Notes.
Dimensions 20cm.
700 ## - ADDED ENTRY--PERSONAL NAME
Other authors/Editors MUCHNIK, N.
942 ## - ADDED ENTRY ELEMENTS (KOHA)
Source of classification or shelving scheme Dewey Decimal Classification
Koha item type Books
Holdings
Date last seen Total checkouts Full call number Barcode Cost, replacement price Price effective from Koha item type Lost status Source of classification or shelving scheme Damaged status Not for loan Withdrawn status Home library Current library Shelving location Date acquired Cost, normal purchase price
03/11/2025   320.947 HUM 0000001157 30000.00 03/11/2025 Books   Dewey Decimal Classification       College of Business Education Main Library College of Business Education Main Library General Collection 05/10/1979 10000.00
03/11/2025   320.947 HUM 0000001158 30000.00 03/11/2025 Books   Dewey Decimal Classification       College of Business Education Main Library College of Business Education Main Library General Collection 05/10/1979 10000.00
03/11/2025   320.947 HUM 0000001159 30000.00 03/11/2025 Books   Dewey Decimal Classification       College of Business Education Main Library College of Business Education Main Library General Collection 05/10/1979 10000.00
05/06/2025   LECT 320.946 HUM 0000007763 30000.00 05/06/2025 Books   Dewey Decimal Classification       College of Business Education Main Library College of Business Education Main Library General Collection 05/01/1978 10000.00